000 00464nam a2200169 a 4500
001 0000-9129
003 ELIB.Books
008 110520 2004
035 _a(ELIB.Books)0000-9281
082 _aM.A.R.
_bShe
100 _aShee Htoo, Saw
245 _aUnderstanding the Role of A laity for Church Planting
260 _bInsein: Karen Baptist Theological Seminary
_c2004
650 _aThesis
942 _2ddc
_cBK
998 _cbat
_e2011-05-20
999 _c9129
_d9129